Cyber-physical intrusion threats in modern nuclear facilities: bridging the gap between information technology and physical security; Физико-технические проблемы в науке, промышленности и медицине

Xehetasun bibliografikoak
Parent link:Физико-технические проблемы в науке, промышленности и медицине.— 2025.— С. 14
Egile nagusia: Usman I. M.
Beste egile batzuk: Ojinnaka C. A. S., Stepanov B. P. Boris Pavlovich
Gaia:Текстовый файл
Hizkuntza:ingelesa
Argitaratua: 2025
Gaiak:
Sarrera elektronikoa:http://earchive.tpu.ru/handle/11683/133308
Formatua: MixedMaterials Baliabide elektronikoa Liburu kapitulua
KOHA link:https://koha.lib.tpu.ru/cgi-bin/koha/opac-detail.pl?biblionumber=682888

MARC

LEADER 00000naa2a2200000 4500
001 682888
005 20251202163642.0
090 |a 682888 
100 |a 20251107d2025 k||y0rusy50 ba 
101 0 |a eng 
102 |a RU 
135 |a drcn ---uucaa 
200 1 |a Cyber-physical intrusion threats in modern nuclear facilities: bridging the gap between information technology and physical security  |f I. M. Usman, C. A. S. Ojinnaka, B. P. Stepanov 
320 |a Reference: 5 tit 
336 |a Текстовый файл 
463 1 |0 682852  |9 682852  |t Физико-технические проблемы в науке, промышленности и медицине  |o сборник тезисов докладов XII Международной научно-практической конференции, г. Томск, 10–12 сентября 2025 г.  |c Томск  |d 2025  |n Изд-во ТПУ  |u conference_tpu-2025-C49.pdf  |v С. 14 
545 1 |a Ядерные установки: проектирование, эксплуатация, безопасность и вывод из эксплуатации 
610 1 |a труды учёных ТПУ 
610 1 |a электронный ресурс 
700 1 |a Usman  |b I. M. 
701 1 |a Ojinnaka  |b C. A. S. 
701 1 |a Stepanov  |b B. P.  |c specialist in the field of nuclear power engineering  |c Associate Professor of Tomsk Polytechnic University, Candidate of technical science  |f 1960-  |g Boris Pavlovich  |9 16542 
801 0 |a RU  |b 63413507  |c 20251107 
850 |a 63413507 
856 4 |u http://earchive.tpu.ru/handle/11683/133308  |z http://earchive.tpu.ru/handle/11683/133308 
942 |c CF